| 000 | 00980nam a2200229Ia 4500 | ||
|---|---|---|---|
| 999 |
_c52544 _d52544 |
||
| 001 | 19568 | ||
| 003 | GE_BSU | ||
| 005 | 20200305152155.0 | ||
| 008 | 181216s1985||||ge |||||||||||||| ||geo|| | ||
| 040 | _cGE_BSU | ||
| 041 | _ageo | ||
| 080 | _a81(479.22)(092) დ-19 | ||
| 100 |
_aდანელია, კორნელი _97597 |
||
| 245 |
_aიოსებ ყიფშიძე : _bცხოვრება და მეცნიერული მემკვიდრეობა / _cკორნელი დანელია ; რედ. მ. ჯანელიძე. |
||
| 264 |
_aთბილისი : _bთბილ.უნ-ტის გამ-ბა, _c1985. |
||
| 300 |
_a91 გვ. ; _c20 სმ. |
||
| 504 | _aბიბლიოგრ. გვ. 89-90 | ||
| 541 | _h3ლ. | ||
| 653 | _aქართველი ენათმეცნიერები | ||
| 700 |
_aჯანელიძე, მ. _eრედაქტორი _91315 |
||
| 942 |
_cBK _2udc |
||